000 00507 a2200169 4500
999 _c26547
_d26547
008 230628b ||||| |||| 00| 0 eng d
020 _a9781908833280
_cGBP109.99
041 0 _aeng
082 0 0 _a387.51
_bI17
110 _92796
_aInstitute of Chartered Shipbrokers
245 _aShipping Finance /
250 _a2021 edition.
260 _aLondon :
_bInstitute of Chartered Shipbrokers,
_c2021.
300 _avi, 122 p. :
_billustrations (color) ;
_c25 cm.
650 0 _aShipping Finance
942 _2ddc
_cBK